<?xml version="1.0" encoding="UTF-8"?>
<record
    xmlns:xsi="http://www.w3.org/2001/XMLSchema-instance"
    xsi:schemaLocation="http://www.loc.gov/MARC21/slim http://www.loc.gov/standards/marcxml/schema/MARC21slim.xsd"
    xmlns="http://www.loc.gov/MARC21/slim">

  <leader>01252nam a22002657a 4500</leader>
  <controlfield tag="005">20170124102939.0</controlfield>
  <datafield tag="010" ind1=" " ind2=" ">
    <subfield code="a">B-000584</subfield>
  </datafield>
  <datafield tag="020" ind1=" " ind2=" ">
    <subfield code="c">250.00</subfield>
  </datafield>
  <datafield tag="035" ind1=" " ind2=" ">
    <subfield code="a">B-000584</subfield>
  </datafield>
  <datafield tag="037" ind1=" " ind2=" ">
    <subfield code="b">Cen Lib/Ret</subfield>
  </datafield>
  <datafield tag="040" ind1=" " ind2=" ">
    <subfield code="a">DPL</subfield>
    <subfield code="b">HN</subfield>
  </datafield>
  <datafield tag="082" ind1=" " ind2=" ">
    <subfield code="a">828</subfield>
    <subfield code="b">&#x91A;&#x94C;&#x927;&#x930;&#x940;</subfield>
  </datafield>
  <datafield tag="100" ind1=" " ind2=" ">
    <subfield code="a">&#x91A;&#x94C;&#x927;&#x930;&#x940;, &#x930;&#x93E;&#x91C;&#x915;&#x92E;&#x932; </subfield>
    <subfield code="9">47731</subfield>
  </datafield>
  <datafield tag="245" ind1=" " ind2=" ">
    <subfield code="a">&#x936;&#x935;-&#x92F;&#x93E;&#x924;&#x94D;&#x930;&#x93E; &#x915;&#x947; &#x92C;&#x93E;&#x926; &#x926;&#x947;&#x939;-&#x936;&#x941;&#x926;&#x94D;&#x927;&#x93F; /</subfield>
    <subfield code="c">&#x930;&#x93E;&#x91C;&#x915;&#x92E;&#x932; &#x91A;&#x94C;&#x927;&#x930;&#x940; ; &#x938;&#x902;&#x92A;&#x93E;&#x926;&#x915; &#x926;&#x947;&#x935;&#x936;&#x902;&#x915;&#x930; &#x928;&#x935;&#x940;&#x928; </subfield>
  </datafield>
  <datafield tag="246" ind1=" " ind2=" ">
    <subfield code="a">Shav-yatra ke baad deh-shuddhi /</subfield>
    <subfield code="b">by Rajkamal Chaudhari ; edited by Devshankar Naveen </subfield>
  </datafield>
  <datafield tag="260" ind1=" " ind2=" ">
    <subfield code="a">&#x926;&#x93F;&#x932;&#x94D;&#x932;&#x940; </subfield>
    <subfield code="b">&#x905;&#x92D;&#x93F;&#x930;&#x941;&#x91A;&#x93F; &#x92A;&#x94D;&#x930;&#x915;&#x93E;&#x936;&#x928; </subfield>
    <subfield code="c">2000</subfield>
  </datafield>
  <datafield tag="270" ind1=" " ind2=" ">
    <subfield code="b">&#x926;&#x93F;&#x932;&#x94D;&#x932;&#x940; </subfield>
    <subfield code="a">3/114, &#x915;&#x930;&#x94D;&#x923; &#x917;&#x932;&#x940;, &#x935;&#x93F;&#x936;&#x94D;&#x935;&#x93E;&#x938; &#x928;&#x917;&#x930; </subfield>
    <subfield code="e">110032</subfield>
  </datafield>
  <datafield tag="300" ind1=" " ind2=" ">
    <subfield code="a">252&#x92A;&#x943;. :                                          </subfield>
    <subfield code="c">21&#x938;&#x947;&#x92E;&#x940; (&#x938;&#x91C;&#x93F;&#x932;&#x94D;&#x926;)</subfield>
    <subfield code="b">&#x938;&#x91A;&#x93F;&#x924;&#x94D;&#x930; </subfield>
  </datafield>
  <datafield tag="650" ind1=" " ind2=" ">
    <subfield code="a">&#x939;&#x93F;&#x928;&#x94D;&#x926;&#x940; -- &#x938;&#x93E;&#x939;&#x93F;&#x924;&#x94D;&#x92F; </subfield>
    <subfield code="9">47732</subfield>
  </datafield>
  <datafield tag="650" ind1=" " ind2=" ">
    <subfield code="a">&#x939;&#x93F;&#x928;&#x94D;&#x926;&#x940; -- &#x917;&#x926;&#x94D;&#x92F; </subfield>
    <subfield code="9">1413</subfield>
  </datafield>
  <datafield tag="650" ind1=" " ind2=" ">
    <subfield code="a">Hindi -- Literature</subfield>
    <subfield code="9">47733</subfield>
  </datafield>
  <datafield tag="650" ind1=" " ind2=" ">
    <subfield code="a">Hindi - prose</subfield>
    <subfield code="9">47734</subfield>
  </datafield>
  <datafield tag="700" ind1=" " ind2=" ">
    <subfield code="a">&#x926;&#x947;&#x935;&#x936;&#x902;&#x915;&#x930; &#x928;&#x935;&#x940;&#x928; </subfield>
    <subfield code="9">47735</subfield>
  </datafield>
  <datafield tag="942" ind1=" " ind2=" ">
    <subfield code="2">ddc</subfield>
    <subfield code="c">HN</subfield>
    <subfield code="h">828</subfield>
    <subfield code="m">&#x91A;&#x94C;&#x927;&#x930;&#x940;</subfield>
  </datafield>
  <datafield tag="999" ind1=" " ind2=" ">
    <subfield code="c">112470</subfield>
    <subfield code="d">112470</subfield>
  </datafield>
  <datafield tag="952" ind1=" " ind2=" ">
    <subfield code="0">0</subfield>
    <subfield code="1">0</subfield>
    <subfield code="4">0</subfield>
    <subfield code="7">0</subfield>
    <subfield code="a">L</subfield>
    <subfield code="b">L</subfield>
    <subfield code="d">2015-08-08</subfield>
    <subfield code="e">Cen Lib/Ret</subfield>
    <subfield code="g">250.00</subfield>
    <subfield code="l">0</subfield>
    <subfield code="o">828 &#x91A;&#x94C;&#x927;&#x930;&#x940;</subfield>
    <subfield code="p">B-000584</subfield>
    <subfield code="r">2015-08-08 00:00:00</subfield>
    <subfield code="t">1</subfield>
    <subfield code="v">250.00</subfield>
    <subfield code="w">2015-08-08</subfield>
    <subfield code="y">HN</subfield>
  </datafield>
</record>
